Štatistika nebankových subjektov

Oblasť štatistiky nebankových subjektov zabezpečuje a zodpovedá za zber a spracovanie štatistického výkazníctva od právnických a fyzických osôb s výnimkou bánk a pobočiek zahraničných bánk, vychádzajúc z potrieb zostavovania platobnej bilancie, medzinárodnej investičnej pozície a štatistiky priamych...

ver descrição completa

Na minha lista:
Detalhes bibliográficos
Autor principal: Sodoma, Branislav
Outros Autores: Mydlová, Martina, Tilandyová, Margita
Formato: Capítulo de Livro
Idioma:eslovaco
Assuntos:
Tags: Adicionar Tag
Sem tags, seja o primeiro a adicionar uma tag!

MARC

LEADER 00000naa$a2200000$$$4500
001 0113120
005 20231116085941.7
041 0 |a slo 
044 |a SK 
245 1 0 |a Štatistika nebankových subjektov  |c Branislav Sodoma, Martina Mydlová, Margita Tilandyová 
520 |a Oblasť štatistiky nebankových subjektov zabezpečuje a zodpovedá za zber a spracovanie štatistického výkazníctva od právnických a fyzických osôb s výnimkou bánk a pobočiek zahraničných bánk, vychádzajúc z potrieb zostavovania platobnej bilancie, medzinárodnej investičnej pozície a štatistiky priamych zahraničných investícií. 
610 2 0 |a subjekty nebankové 
610 2 0 |a štatistika 
610 2 0 |a výkazníctvo štatistické 
100 1 |a Sodoma, Branislav 
700 1 |a Mydlová, Martina 
700 1 |a Tilandyová, Margita